Повести и рассказы; Чудная; Сон Макара; Слепой музыкант; Река играет; Мгновение; Огоньки

Dades bibliogràfiques
Autor principal: Короленко В. Г. Владимир Галактионович
Altres autors: Соколова М. А. (автор предисловия), Рытман О. (иллюстратор)
Idioma:rus
Publicat: Москва, Детская литература, 1981
TOC:Чудная; Сон Макара; Слепой музыкант; Река играет; Мгновение; Огоньки;
Col·lecció:Школьная библиотека
Matèries:
Format: MixedMaterials Llibre
KOHA link:https://koha.lib.tpu.ru/cgi-bin/koha/opac-detail.pl?biblionumber=113738

MARC

LEADER 00000nam0a2200000 4500
001 113738
005 20231101215140.0
035 |a (RuTPU)RU\TPU\book\123000 
035 |a RU\TPU\book\122999 
090 |a 113738 
100 |a 20070416d1981 m y0rusy50 ca 
101 0 |a rus 
102 |a RU 
105 |a a z 001ay 
200 1 |a Повести и рассказы  |f В. Г. Короленко  |g авт. предисл. М. А. Соколова; худож. О. Рытман 
210 |a Москва  |c Детская литература  |d 1981 
215 |a 224 с.  |c ил. 
225 1 |a Школьная библиотека 
320 |a Комментарии: с. 218-222. 
464 |t Чудная; Сон Макара; Слепой музыкант; Река играет; Мгновение; Огоньки  |o повести и рассказы 
600 1 |a Короленко  |g Владимир Галактионович  |b В. Г.  |f 1853-1921  |c русский писатель  |c публицист  |c почетный академик Петерб. АН  |2 stltpui  |3 (RuTPU)RU\TPU\pers\1289 
610 1 |a русская литература 
610 1 |a художественная литература 
610 1 |a проза 
610 1 |a повести 
610 1 |a рассказы 
675 |a Р1  |v 3 
700 1 |a Короленко  |b В. Г.  |c русский писатель  |c публицист  |c почетный академик Петерб. АН  |f 1853-1921  |g Владимир Галактионович  |2 stltpush  |3 (RuTPU)RU\TPU\pers\1289  |9 579 
702 1 |a Соколова  |b М. А.  |4 080 
702 1 |a Рытман  |b О.  |4 440 
801 1 |a RU  |b 63413507  |c 20041229  |g PSBO 
801 2 |a RU  |b 63413507  |c 20160607  |g PSBO 
942 |c BK